| 000 | 01465cam a22002651 4500 | ||
|---|---|---|---|
| 001 | gs 27000085 | ||
| 003 | DLC | ||
| 005 | 20260227111331.0 | ||
| 008 | 911112s1926 ag bf 000 0 spa c | ||
| 010 | _ags 27000085 | ||
| 035 | _a(OCoLC)24767036 | ||
| 040 |
_aU. S. Geol. Survey. Libr. _cTxU _dTxU _dDLC |
||
| 042 | _apremarc | ||
| 050 | 0 | 0 |
_aQE231 _b.A35 no. 25-26 |
| 100 | 1 |
_aGröber, Paul, _d1885- |
|
| 245 | 0 | 0 |
_aCondiciones geológicas de la quebrada de Ullún en relación con un proyectado dique de embalse (provincia de San Juan) _cPor Pablo Groeber y Augusto Tapia ... |
| 260 |
_aBuenos Aires, _bTalleres gráficos del Ministerio de agricultura de la nación, _c1926. |
||
| 300 |
_a25 p. _b16 pl. (part fold.; incl. col. map, col. profile) _c27 cm. |
||
| 490 | 1 |
_a[Argentine Republic] Dirección general de minas, geología e hidrología. Publicación _vno. 25 y 26 |
|
| 500 | _aAt head of title: República argentina. Ministerio de agricultura de la nación. | ||
| 505 | 0 | _aNo. 25. Sobre las condiciones geológicas reinantes en la región del proyectado dique de la quebrada de Ullún (provincia de San Juan) por Pablo Groeber.--no. 26. Condiciones geológicas de la quebrada de Ullún en relación con un dique de embalse (provincia de San Juan) por Augusto Tapia. | |
| 650 | 0 |
_aGeology _zArgentina _zSan Juan (Province) |
|
| 700 | 1 | _aTapia, Augusto. | |
| 810 | 1 |
_aArgentina. _bDirección General de Minas y Geología. _tPublicación ; _vno. 25 y 26. |
|
| 999 |
_c26548 _d26548 |
||